Systema physico medico-politico de la peste : (Registro nro. 153464)

Detalles MARC
000 -LEADER
campo de control de longitud fija 01408nam a2200265 i 4500
001 - NÚMERO DE CONTROL
campo de control 153464
003 - IDENTIFICADOR DE NÚMERO DE CONTROL
campo de control ES-MaACL
005 - FECHA Y HORA DE LA ÚLTIMA TRANSACCIÓN
campo de control 20251215154810.0
008 - DATOS DE LONGITUD FIJA--INFORMACIÓN GENERAL
campo de control de longitud fija 931025s1756 sp ax |||| | spa d
040 ## - FUENTE DE CATALOGACIÓN
Centro catalogador/agencia de origen CARM
Lengua de catalogación spa
Centro/agencia transcriptor PAB
100 1# - ENTRADA PRINCIPAL--NOMBRE DE PERSONA
Nombre de persona Díaz Salgado, Juan.
9 (RLIN) 44419
Término indicativo de función/relación Autor
245 10 - MENCIÓN DEL TÍTULO
Título Systema physico medico-politico de la peste :
Resto del título su preservacion, y curacion, para el uso, y instruccion de las diputaciones de Sanidad de este Reyno /
Mención de responsabilidad, etc. le escrivia Don Juan Diaz Salgado ...
260 ## - PUBLICACIÓN, DISTRIBUCIÓN, ETC.
Lugar de publicación, distribución, etc. En Madrid :
Nombre del editor, distribuidor, etc. en la oficina de Antonio Sanz...,
Fecha de publicación, distribución, etc. 1756.
300 ## - DESCRIPCIÓN FÍSICA
Extensión [40], 111, [1] p. en bl., [1] h. de grab. ;
Dimensiones 4º.
530 ## - NOTA DISPONIBLE DE FORMULARIO FÍSICO ADICIONAL
Nota de formato físico adicional disponible Disponible en formato digital.
597 ## - NOTA DE DESCRIPCIÓN FÍSICA
NOTA DE DESCRIPCIÓN FÍSICA Sign.:¶-¶¶8, ¶¶¶4, A-G8.
599 ## - NOTA A LAS ILUSTRACIONES
NOTA A LAS ILUSTRACIONES Entre [calderón]1 y [calderón]2 grab. calc.: "Ioans. Ferdinandus Palomino. delin. et incid".., retrato de Fernando VI.
650 #4 - PUNTO DE ACCESO ADICIONAL DE MATERIA--TÉRMINO DE MATERIA
Término de materia o nombre geográfico como elemento de entrada Peste-
Subdivisión de forma Obras anteriores a 1800.
9 (RLIN) 150947
700 1# - ENTRADA AGREGADA--NOMBRE PERSONAL
Nombre de persona Palomino, Juan Fernando,
Fechas asociadas al nombre m. 1793
9 (RLIN) 155237
852 ## - LOCALIZACIÓN
Ubicación ES-MaACL
Número de control de estantería R-3423
Signatura antigua Olim: G-15511
itemnumber 159050
Nota libre Cotejado con la relación de obras recuperadas
-- Cambio de signatura. Datos tomados del fichero topográfico R
condición física Falto de la hoja de grab.
Donativo/Legado Donativo de Parada
Encuadernación Encuadernación en pergamino
856 ## - LOCALIZACIÓN Y ACCESO ELECTRÓNICOS
Identificador Uniforme de Recursos <a href="http://bdh-rd.bne.es/viewer.vm?id=0000126114&page=1 ">http://bdh-rd.bne.es/viewer.vm?id=0000126114&page=1 </a>
Nota pública Biblioteca Digital Hispánica
942 ## - ELEMENTOS DE ENTRADA SECUNDARIOS (KOHA)
Fuente del sistema de clasificación o colocación Clasificación decimal universal
Tipo de ítem Koha Libro impreso antiguo
Suprimir en OPAC No
Existencias
Estatus retirado Estado de pérdida Estado de daño No para préstamo Colección Biblioteca de origen Biblioteca actual Ubicación en estantería Fecha de adquisición Fuente de adquisición Total de préstamos Signatura topográfica completa Código de barras Visto por última vez Precio de reemplazo Tipo de ítem Koha
        Colección digital Biblioteca del Ateneo de Madrid Biblioteca del Ateneo de Madrid Depósito 17/01/2008     R-3423 1160389 23/02/2023 23/02/2023 Libro impreso antiguo